Chinese- English Dictionary of Modern Chinese Slang/ (Record no. 6989)

MARC details
000 -LEADER
fixed length control field 00596nam a22001937a 4500
003 - CONTROL NUMBER IDENTIFIER
control field OSt
005 - DATE AND TIME OF LATEST TRANSACTION
control field 20251206030941.0
008 - FIXED-LENGTH DATA ELEMENTS--GENERAL INFORMATION
fixed length control field 251206b |||||||| |||| 00| 0 eng d
020 ## - INTERNATIONAL STANDARD BOOK NUMBER
International Standard Book Number 0893468797
040 ## - CATALOGING SOURCE
Original cataloging agency DWC-Main lib
Transcribing agency OC
082 ## - DEWEY DECIMAL CLASSIFICATION NUMBER
Classification number GR. 495.17 S562c 1997
100 ## - MAIN ENTRY--PERSONAL NAME
Personal name Shujuan, Li
245 ## - TITLE STATEMENT
Title Chinese- English Dictionary of Modern Chinese Slang/
Statement of responsibility, etc. Li Shujuan
260 ## - PUBLICATION, DISTRIBUTION, ETC.
Place of publication, distribution, etc. Hongkong:
Name of publisher, distributor, etc. Fai Feng Publishing ,
Date of publication, distribution, etc. c1997.
300 ## - PHYSICAL DESCRIPTION
Extent xxii, 253 pages :
Other physical details illustrations ;
Dimensions 21cm.
650 ## - SUBJECT ADDED ENTRY--TOPICAL TERM
Topical term or geographic name entry element 1. Chinese Language
650 ## - SUBJECT ADDED ENTRY--TOPICAL TERM
Topical term or geographic name entry element 2. Chinese Language- Slang
942 ## - ADDED ENTRY ELEMENTS (KOHA)
Source of classification or shelving scheme Dewey Decimal Classification
Koha item type General Reference
Call number prefix GR.
Suppress in OPAC No
952 ## - LOCATION AND ITEM INFORMATION (KOHA)
--
Holdings
Withdrawn status Lost status Source of classification or shelving scheme Damaged status Not for loan Home library Current library Shelving location Date acquired Source of acquisition Total Checkouts Full call number Barcode Date last seen Copy number Price effective from Koha item type Uniform Resource Identifier
    Dewey Decimal Classification     College Library College Library General Reference 03/23/2021 Donation   GR. 495.17 S562c 1997 CL52752 12/06/2025 c1 12/06/2025 GR